000 01029nam a2200289 i 4500
001 bg
003 BPK
005 20200820134652.0
008 070614s1970 pl a |000 0 pol
015 _aPB 1971/953
040 _aWA N
_cBPK
041 1 _apol
_hger
080 _a007
080 _a316.7
080 _a330.46
100 1 _aKlaus, Georg
_d(1912-1974).
245 1 0 _aCybernetyka i społeczeństwo /
_cGeorg Klaus ; [tł. z niem. Edward Kofler, Bronisław Wojciechowski].
246 1 _iTyt. oryg.:
_aKybernetik und Gesellschaft.
260 _aWarszawa :
_b"Książka i Wiedza",
_c1970.
300 _a477, [3] s. :
_bil. ;
_c18 cm.
650 4 _aCybernetyka społeczna
700 1 _aKofler, Edward
_d(1911-2007).
_eTł.
700 1 _aWojciechowski, Bronisław.
_eTł.
710 2 _aSpółdzielnia Wydawniczo-Handlowa "Książka i Wiedza"
_4pbl.
942 _2UKD
_cKS
856 _uhttp://koha.tu.koszalin.pl/cgi-bin/koha/opac-detail.pl?biblionumber=13240
_yKatalog online BPK
999 _c13240
_d13240